书目信息 |
| 题名: |
北京市旅游与会展互动发展研究
|
|
| 作者: | 刘大可 著 | |
| 分册: | ||
| 出版信息: | 北京 经济科学出版社 2013 |
|
| 页数: | 149页 | |
| 开本: | 23cm | |
| 丛书名: | ||
| 单 册: | ||
| 中图分类: | F592.71 , G245 | |
| 科图分类: | ||
| 主题词: | 旅游业--产业发展--研究--北京 , 展览会--产业发展--研究--北京 , 旅游业 , 展览会 , 产业发展 | |
| 电子资源: | ||
| ISBN: | 978-7-5141-3407-0 | |
| 000 | 01058nam0 2200289 450 | |
| 001 | 523 | |
| 005 | 20140909094956.57 | |
| 010 | @a978-7-5141-3407-0@dCNY20.00 | |
| 100 | @a20131209d2013 em y0chiy50 ea | |
| 101 | 0 | @achi |
| 102 | @aCN@b110000 | |
| 105 | @ay z 000yy | |
| 106 | @ar | |
| 200 | 1 | @a北京市旅游与会展互动发展研究@ABei Jing Shi Lu^ You Yu Hui Zhan Hu Dong Fa Zhan Yan Jiu@f刘大可等著@FLiu Da Ke Deng Zhu |
| 210 | @a北京@c经济科学出版社@d2013 | |
| 215 | @a149页@d23cm | |
| 330 | @a本书运用经济学相关理论对旅游业和会展业的关系进行了简要的理论分析,借鉴国内外代表性城市的先进经验,并结合北京旅游和会展互动发展的现状及存在的问题,有针对性地提出了推动北京市旅游和会展互动发展的对策建议,并提出了框架性的互动机制。 | |
| 606 | 0 | @a旅游业@x产业发展@x研究@y北京 |
| 606 | 0 | @a展览会@x产业发展@x研究@y北京 |
| 606 | 0 | @a旅游业 |
| 606 | 0 | @a展览会 |
| 606 | 0 | @a产业发展 |
| 690 | @aF592.71@v5 | |
| 690 | @aG245@v5 | |
| 701 | 0 | @a刘大可@ALiu Da Ke@f(1968.8~)@4著 |
| 801 | 0 | @aCN@bTANGWEI@c20140603 |
| 905 | @b0839143-45@dF592.71@e424@f3 | |
| 北京市旅游与会展互动发展研究/刘大可等著.-北京:经济科学出版社,2013 |
| 149页;23cm |
| ISBN 978-7-5141-3407-0:CNY20.00 |
| 本书运用经济学相关理论对旅游业和会展业的关系进行了简要的理论分析,借鉴国内外代表性城市的先进经验,并结合北京旅游和会展互动发展的现状及存在的问题,有针对性地提出了推动北京市旅游和会展互动发展的对策建议,并提出了框架性的互动机制。 |
| ● |
| 相关链接 |
|
|
|
|
正题名:北京市旅游与会展互动发展研究
索取号:F592.71/424
 
预约/预借
| 序号 | 登录号 | 条形码 | 馆藏地/架位号 | 状态 | 备注 |
| 1 | 0839143 | 208391435 | 第一样本阅览室/ [索取号:F592.71/424] | 在馆 | |
| 2 | 0839144 | 208391444 | 第一借阅区/ [索取号:F592.71/424] | 在馆 | |
| 3 | 0839145 | 208391453 | 第一借阅区/ [索取号:F592.71/424] | 在馆 |